| 000 | 00380 a2200133 4500 | ||
|---|---|---|---|
| 001 | 91357 | ||
| 082 | _aPR 1280 | ||
| 090 |
_c43479 _d43478 |
||
| 100 | _aHumayun Qureshi; Prof Wajid Ali Chishti (Advisor) | ||
| 245 |
_adesigning of a Maniature Gas Turbine Engine for an RPV _n48 "A" EC |
||
| 260 |
_aKarachi _bNED University _c1998 |
||
| 300 | _a90p | ||
| 500 | _aBE Project Reports | ||
| 942 |
_aCAE NUST _kPR 1280 |
||
| 999 |
_c326430 _d326430 |
||